Foundations of statistical algorithms : (Record no. 547)

MARC details
000 -LEADER
fixed length control field 01701cam a2200301 i 4500
001 - CONTROL NUMBER
control field 17939650
003 - CONTROL NUMBER IDENTIFIER
control field OSt
005 - DATE AND TIME OF LATEST TRANSACTION
control field 20250420134815.0
008 - FIXED-LENGTH DATA ELEMENTS--GENERAL INFORMATION
fixed length control field 131113s2014 flua b 001 0 eng
010 ## - LIBRARY OF CONGRESS CONTROL NUMBER
LC control number 2013045575
020 ## - INTERNATIONAL STANDARD BOOK NUMBER
International Standard Book Number 9781439878859 (hardback)
040 ## - CATALOGING SOURCE
Original cataloging agency DLC
Language of cataloging eng
Description conventions rda
Transcribing agency KCST
050 00 - LIBRARY OF CONGRESS CALL NUMBER
Classification number QA276.4
Item number .W45 2014
082 00 - DEWEY DECIMAL CLASSIFICATION NUMBER
Classification number 519.5028551
Edition information 23
Item number We Fo
100 1# - MAIN ENTRY--PERSONAL NAME
Personal name Weihs, Claus,
Relator term author.
9 (RLIN) 4886
245 10 - TITLE STATEMENT
Title Foundations of statistical algorithms :
Remainder of title with reference to R packages /
Statement of responsibility, etc. Claus Weihs, Olaf Mersmann, Uwe Ligges.
260 ## - PUBLICATION, DISTRIBUTION, ETC.
Place of publication, distribution, etc. Boca Raton :
Name of publisher, distributor, etc. CRC Press,
Date of publication, distribution, etc. 2014.
300 ## - PHYSICAL DESCRIPTION
Extent xxv, 473 pages :
Other physical details illustrations ;
Dimensions 24 cm
490 0# - SERIES STATEMENT
Series statement Chapman & Hall/CRC computational science series
504 ## - BIBLIOGRAPHY, ETC. NOTE
Bibliography, etc. note Includes bibliographical references (pages 449-465) and index.
520 ## - SUMMARY, ETC.
Summary, etc. "Reviewing the historical development of basic algorithms to illuminate the evolution of today's more powerful statistical algorithms, this comprehensive textbook emphasizes recurring themes in all statistical algorithms including computation, assessment and verification, iteration, intuition, randomness, repetition and parallelization, and scalability. Unique in scope, it touches on topics not usually covered in similar books, namely, systematic verification and the scaling of many established techniques to very large databases. Broadly accessible, it offers examples, exercises, and selected solutions in each chapter as well as access to a supplementary website."--
Assigning source Provided by publisher.
650 #0 - SUBJECT ADDED ENTRY--TOPICAL TERM
Topical term or geographic name entry element Statistics
General subdivision Data processing.
9 (RLIN) 4887
650 #0 - SUBJECT ADDED ENTRY--TOPICAL TERM
Topical term or geographic name entry element Algorithms.
9 (RLIN) 430
700 1# - ADDED ENTRY--PERSONAL NAME
Personal name Mersmann, Olaf,
Relator term author.
9 (RLIN) 4888
700 1# - ADDED ENTRY--PERSONAL NAME
Personal name Ligges, Uwe,
Relator term author.
9 (RLIN) 4889
942 ## - ADDED ENTRY ELEMENTS (KOHA)
Koha item type Book
942 ## - ADDED ENTRY ELEMENTS (KOHA)
Source of classification or shelving scheme Dewey Decimal Classification
Holdings
Withdrawn status Lost status Source of classification or shelving scheme Damaged status Not for loan Home library Current library Date acquired Cost, normal purchase price Total checkouts Full call number Barcode Date last seen Price effective from Koha item type
    Dewey Decimal Classification     KCST Library KCST Library 04/08/2020 18.63   519.5028 We Fo 1000000571 04/08/2020 04/08/2020 Book
© 2025 KCST. All rights reserved